Statistics for Countries with the greatest Roman Catholic popultion

Click here to take the quiz!

General Stats

  • This quiz has been taken 102 times
  • The average score is 8 of 10

Answer Stats

PopAnswer% Correct
133.7millionBrazil
94%
74.5millionUSA
93%
50.3millionItaly
93%
34.7millionSpain
88%
96.3millionMexico
87%
37.9millionFrance
86%
38.1millionColombia
69%
75.9millionPhilippines
67%
35.3millionPoland
65%
31.3millionDRC of the Congo
27%

Score Distribution

Percentile by Number Answered

Percent of People with Each Score

Your Score History

You have not taken this quiz